<?xml version="1.0" encoding="UTF-8"?>
<record
    xmlns:xsi="http://www.w3.org/2001/XMLSchema-instance"
    xsi:schemaLocation="http://www.loc.gov/MARC21/slim http://www.loc.gov/standards/marcxml/schema/MARC21slim.xsd"
    xmlns="http://www.loc.gov/MARC21/slim">

  <leader>00627nam a22001577a 4500</leader>
  <controlfield tag="003">OSt</controlfield>
  <controlfield tag="005">20151001155641.0</controlfield>
  <controlfield tag="008">151001b        xxu||||| |||| 00| 0 eng d</controlfield>
  <datafield tag="040" ind1=" " ind2=" ">
    <subfield code="c">RUA</subfield>
  </datafield>
  <datafield tag="082" ind1=" " ind2=" ">
    <subfield code="a">AVM YAN 1995 B068 Or.1</subfield>
  </datafield>
  <datafield tag="100" ind1=" " ind2=" ">
    <subfield code="9">1699</subfield>
    <subfield code="a">YANG, SOMALY.</subfield>
  </datafield>
  <datafield tag="245" ind1=" " ind2=" ">
    <subfield code="a">Study of efficacy of pig anthelminties available in market, &#x1780;&#x17B6;&#x179A;&#x179F;&#x17B7;&#x1780;&#x17D2;&#x179F;&#x17B6;&#x17A2;&#x17C6;&#x1796;&#x17B8;&#x1794;&#x17D2;&#x179A;&#x179F;&#x17B7;&#x1791;&#x17D2;&#x1792;&#x1797;&#x17B6;&#x1796;&#x17B1;&#x179F;&#x1790;&#x1794;&#x17D2;&#x179A;&#x1786;&#x17B6;&#x17C6;&#x1784;&#x1794;&#x17C9;&#x17B6;&#x179A;&#x17C9;&#x17B6;&#x179F;&#x17CA;&#x17B8;&#x178F;&#x1787;&#x17D2;&#x179A;&#x17BC;&#x1780;&#x178A;&#x17C2;&#x179B;&#x17A2;&#x17B6;&#x1785;&#x179A;&#x1780;&#x1794;&#x17B6;&#x1793;&#x1793;&#x17C5;&#x1791;&#x17B8;&#x1795;&#x17D2;&#x179F;&#x17B6;&#x179A;</subfield>
  </datafield>
  <datafield tag="260" ind1=" " ind2=" ">
    <subfield code="a">Phnom Penh</subfield>
    <subfield code="b">RUA</subfield>
    <subfield code="c">1995</subfield>
  </datafield>
  <datafield tag="300" ind1=" " ind2=" ">
    <subfield code="a">53p.</subfield>
    <subfield code="b">ill.</subfield>
    <subfield code="c">29cm.</subfield>
  </datafield>
  <datafield tag="942" ind1=" " ind2=" ">
    <subfield code="2">ddc</subfield>
    <subfield code="c">AVM</subfield>
  </datafield>
  <datafield tag="999" ind1=" " ind2=" ">
    <subfield code="c">1602</subfield>
    <subfield code="d">1602</subfield>
  </datafield>
  <datafield tag="952" ind1=" " ind2=" ">
    <subfield code="0">0</subfield>
    <subfield code="1">0</subfield>
    <subfield code="2">ddc</subfield>
    <subfield code="4">0</subfield>
    <subfield code="6">AVM_YAN_1995_000000000000000_B068_OR_1</subfield>
    <subfield code="7">0</subfield>
    <subfield code="9">7174</subfield>
    <subfield code="a">LBB</subfield>
    <subfield code="b">LBB</subfield>
    <subfield code="c">B068</subfield>
    <subfield code="d">2015-10-01</subfield>
    <subfield code="o">AVM YAN 1995 B068 Or.1</subfield>
    <subfield code="p">RUA007077</subfield>
    <subfield code="r">2015-10-01</subfield>
    <subfield code="w">2015-10-01</subfield>
    <subfield code="y">AVM</subfield>
  </datafield>
  <datafield tag="952" ind1=" " ind2=" ">
    <subfield code="0">0</subfield>
    <subfield code="1">0</subfield>
    <subfield code="2">ddc</subfield>
    <subfield code="4">0</subfield>
    <subfield code="6">AVM_YAN_1995_000000000000000_B068_OR_2</subfield>
    <subfield code="7">0</subfield>
    <subfield code="9">7175</subfield>
    <subfield code="a">LBB</subfield>
    <subfield code="b">LBB</subfield>
    <subfield code="c">B068</subfield>
    <subfield code="d">2015-10-01</subfield>
    <subfield code="o">AVM YAN 1995 B068 Or.2</subfield>
    <subfield code="p">RUA007390</subfield>
    <subfield code="r">2015-10-01</subfield>
    <subfield code="w">2015-10-01</subfield>
    <subfield code="y">AVM</subfield>
  </datafield>
  <datafield tag="952" ind1=" " ind2=" ">
    <subfield code="0">0</subfield>
    <subfield code="1">0</subfield>
    <subfield code="2">ddc</subfield>
    <subfield code="4">0</subfield>
    <subfield code="6">AVM_YAN_1995_000000000000000_B068_OR_3</subfield>
    <subfield code="7">0</subfield>
    <subfield code="9">7176</subfield>
    <subfield code="a">LBB</subfield>
    <subfield code="b">LBB</subfield>
    <subfield code="c">B068</subfield>
    <subfield code="d">2015-10-01</subfield>
    <subfield code="o">AVM YAN 1995 B068 Or.3</subfield>
    <subfield code="p">RUA007389</subfield>
    <subfield code="r">2015-10-01</subfield>
    <subfield code="w">2015-10-01</subfield>
    <subfield code="y">AVM</subfield>
  </datafield>
  <datafield tag="952" ind1=" " ind2=" ">
    <subfield code="0">0</subfield>
    <subfield code="1">0</subfield>
    <subfield code="2">ddc</subfield>
    <subfield code="4">0</subfield>
    <subfield code="6">AVM_YAN_1995_000000000000000_B068_OR_4</subfield>
    <subfield code="7">0</subfield>
    <subfield code="9">7177</subfield>
    <subfield code="a">LBB</subfield>
    <subfield code="b">LBB</subfield>
    <subfield code="c">B068</subfield>
    <subfield code="d">2015-10-01</subfield>
    <subfield code="o">AVM YAN 1995 B068 Or.4</subfield>
    <subfield code="p">RUA007385</subfield>
    <subfield code="r">2015-10-01</subfield>
    <subfield code="w">2015-10-01</subfield>
    <subfield code="y">AVM</subfield>
  </datafield>
  <datafield tag="952" ind1=" " ind2=" ">
    <subfield code="0">0</subfield>
    <subfield code="1">0</subfield>
    <subfield code="2">ddc</subfield>
    <subfield code="4">0</subfield>
    <subfield code="6">AVM_YAN_1995_000000000000000_B068_OR_5</subfield>
    <subfield code="7">0</subfield>
    <subfield code="9">7178</subfield>
    <subfield code="a">LBB</subfield>
    <subfield code="b">LBB</subfield>
    <subfield code="c">B068</subfield>
    <subfield code="d">2015-10-01</subfield>
    <subfield code="o">AVM YAN 1995 B068 Or.5</subfield>
    <subfield code="p">RUA007460</subfield>
    <subfield code="r">2015-10-01</subfield>
    <subfield code="w">2015-10-01</subfield>
    <subfield code="y">AVM</subfield>
  </datafield>
</record>
